Em que continente esse país fica? - Statistics

Estatísticas Gerais
  • Esse quiz foi jogado 375 vezes
  • A pontuação média é 112 de 196
Estatísticas das Respostas
Hint Resposta % Correto
África do Sul África
95%
Alemanha Europa
94%
Angola África
93%
Afeganistão Ásia
91%
Argentina América do Sul
89%
Andorra Europa
88%
Argélia África
83%
Albânia Europa
83%
Arábia Saudita Ásia
82%
Austrália Oceania
79%
Áustria Europa
77%
Antígua e Barbuda América Central
74%
Bélgica Europa
73%
Bolívia América do Sul
72%
Camarões África
69%
Brasil América do Sul
68%
Chile América do Sul
68%
Bangladesh Ásia
68%
Colômbia América do Sul
66%
China Ásia
66%
Coreia do Sul Ásia
66%
Bulgária Europa
66%
Gana África
65%
Coreia do Norte Ásia
65%
Espanha Europa
65%
França Europa
65%
Cabo Verde África
64%
Equador América do Sul
64%
Catar Ásia
64%
Bósnia e Herzegovina Europa
64%
Eslovênia Europa
64%
Costa do Marfim África
63%
Gâmbia África
63%
Bahamas América Central
63%
Canadá América do Norte
63%
Bahrein Ásia
63%
Croácia Europa
63%
Eslováquia Europa
63%
Finlândia Europa
63%
Botsuana África
62%
Guiné-Bissau África
62%
Guiné Equatorial África
62%
Barbados América Central
62%
Estados Unidos América do Norte
62%
Bielorrússia Europa
62%
Dinamarca Europa
62%
Estônia Europa
62%
Grécia Europa
62%
Hungria Europa
62%
Itália Europa
62%
Egito África
61%
Guiné África
61%
Índia Ásia
61%
Islândia Europa
61%
Etiópia África
60%
Gabão África
60%
Honduras América Central
60%
Birmânia (Myanmar) Ásia
60%
Emirados Árabes Unidos Ásia
60%
Iraque Ásia
60%
Japão Ásia
60%
Burkina Faso África
59%
Burundi África
59%
Eritréia África
59%
Moçambique África
59%
República Democrática do Congo África
59%
República do Congo África
59%
Cuba América Central
59%
Peru América do Sul
59%
Luxemburgo Europa
59%
Macedônia Europa
59%
Noruega Europa
59%
Portugal Europa
59%
Reino Unido Europa
59%
Ilhas Salomão Oceania
59%
Comores África
58%
Níger África
58%
República Centro-Africana África
58%
Zimbábue África
58%
Guiana América do Sul
58%
Uruguai América do Sul
58%
Irã Ásia
58%
Irlanda Europa
58%
Letônia Europa
58%
Lituânia Europa
58%
Polônia Europa
58%
Suécia Europa
58%
Suíça Europa
58%
Chade África
57%
Madagascar África
57%
Namíbia África
57%
Nigéria África
57%
Sudão do Sul África
57%
Uganda África
57%
Dominica América Central
57%
El Salvador América Central
57%
Venezuela América do Sul
57%
Butão Ásia
57%
Indonésia Ásia
57%
Taiwan Ásia
57%
Liechtenstein Europa
57%
Mônaco Europa
57%
Montenegro Europa
57%
Países Baixos (Holanda) Europa
57%
Sérvia Europa
57%
Quênia África
56%
Ruanda África
56%
Senegal África
56%
Zâmbia África
56%
Paraguai América do Sul
56%
Tajiquistão Ásia
56%
Vietnã Ásia
56%
Ucrânia Europa
56%
Vaticano Europa
56%
Ilhas Marshall Oceania
56%
Nova Zelândia Oceania
56%
Djibouti África
55%
Serra Leoa África
55%
Guatemala América Central
55%
Jamaica América Central
55%
Nicarágua América Central
55%
Camboja Ásia
55%
Tailândia Ásia
55%
República Tcheca Europa
55%
Romênia Europa
55%
Benin África
54%
Marrocos África
54%
Somália África
54%
Belize América Central
54%
Haiti América Central
54%
Panamá América Central
54%
Malásia Ásia
54%
Nepal Ásia
54%
Paquistão Ásia
54%
Singapura Ásia
54%
Fiji Oceania
54%
Essuatíni (Suazilândia) África
53%
Mauritânia África
53%
Sudão África
53%
Tanzânia África
53%
Costa Rica América Central
53%
Filipinas Ásia
53%
Laos Ásia
53%
Omã Ásia
53%
Quirguistão Ásia
53%
Sri Lanka Ásia
53%
Uzbequistão Ásia
53%
Moldávia Europa
53%
Líbia África
52%
Brunei Ásia
52%
Iêmen Ásia
52%
Malta Europa
52%
Mali África
51%
Togo África
51%
Granada América Central
51%
Jordânia Ásia
51%
Síria Ásia
51%
Turcomenistão Ásia
51%
Kosovo Europa
51%
Estados Federados da Micronésia Oceania
51%
Lesoto África
50%
Tunísia África
50%
República Dominicana América Central
50%
São Vicente e Granadinas América Central
50%
Suriname América do Sul
50%
Maurício África
49%
San Marino Europa
49%
Kuweit Ásia
48%
Vanuatu Oceania
48%
Malawi África
47%
Israel Ásia
47%
Líbano Ásia
47%
Mongólia Ásia
47%
Tuvalu Oceania
47%
Libéria África
46%
Santa Lúcia América Central
46%
São Cristóvão e Nevis América Central
45%
Trinidad e Tobago América Central
45%
México América do Norte
44%
Nauru Oceania
44%
Papua Nova Guiné Oceania
44%
Seychelles África
42%
Palau Oceania
42%
Samoa Oceania
42%
Timor-Leste Ásia
40%
Kiribati Oceania
38%
São Tomé e Príncipe África
37%
Tonga Oceania
37%
Maldivas Ásia
34%
Azerbaijão Europa/Ásia
33%
Turquia Europa/Ásia
33%
Chipre Europa/Ásia
30%
Geórgia Europa/Ásia
30%
Rússia Europa/Ásia
30%
Armênia Europa/Ásia
28%
Cazaquistão Europa/Ásia
24%
Nenhum quiz correspondente encontrado
Distribuição das Pontuações
Porcentagem de Pessoas com Cada Pontuação
Percentil de Números Respondidos
Sua Pontuação Histórica
Você não jogou esse quiz